Köln Kader 24/25 Sudden death - Statistiken

Allgemein
  • Dieses Quiz wurde 472 mal gespielt
    471 seit der letzten Aktualisierung
  • Das Durchschnittsergebnis liegt bei 7 aus 15
Answers on the Grid
Answers color-coded by a green-red scale on the quiz's grid according to % correct below.
Uth
Pinto
Schmid
Köbbing
Kramer
Podolski
Von der Hitz
Nickisch
Hector
Bakatukanda
Lemperle
Olesen
Gindorf
Horn
Urbig
Heintz
Kainz
Höger
Lukic
Schwab
Potocnik
Dietz
El Mala
Onouha
Tigges
Oura Tagba
Adamyan
Baumgart
Obuz
Struber
 
Antwortstatistiken
Antwort % Korrekt
Uth
82%
Kainz
63%
Lemperle
63%
Heintz
62%
Urbig
54%
Köbbing
50%
Schmid
49%
Olesen
48%
Tigges
47%
Adamyan
35%
Bakatukanda
33%
Dietz
32%
Potocnik
28%
Obuz
26%
Nickisch
17%
Keine übereinstimmenden Quizze gefunden
Verteilung der Resultate
Anzahl Personen mit jedem Resultat
Perzentil nach korrekt beantworteten Fragen
Ihre Resultats-Entwicklung
Sie haben dieses Quiz seit der letzten Aktualisierung nicht gespielt